00530 a2200181 4500010001400000020001000014035001300024037002000037082001300057100001800070245004100088246005200129250001100181260003900192270007200231300001500303650003000318 aTML-30209 c90.00 aTM-28445 bD.B.Act / pub / a894.8113 aKandasamy, S. aPacipic kadal kadaigalcS. Kandasamy aபசிப் கடல் கதைகள் a1st ed aChennaibSandhya Pathippagamc2006 aFlat A, Neu tech vaibahav,57-53rd st, Ashok NagarbChennaie600083 a184pc22cm aTamil LiteraturexFiction